[Event "BL2-Ost 0708"]
[Site "Germany"]
[Date "2007.10.21"]
[Round "1.8"]
[White "Trenchev, Jolo"]
[Black "Schueller, Ernst"]
[Result "1/2-1/2"]
[WhiteElo "2225"]
[BlackElo "2252"]
[PlyCount "100"]
[EventDate "2007.10.21"]
[EventType "team-tourn"]
[EventRounds "9"]
[EventCountry "GER"]
[SourceTitle "EXT 2009"]
[Source "ChessBase"]
[SourceDate "2008.11.26"]
[SourceVersion "1"]
[SourceVersionDate "2008.11.26"]
[SourceQuality "1"]
[WhiteTeam "Regensburg Fortuna"]
[BlackTeam "Passau"]
[WhiteTeamCountry "GER"]
[BlackTeamCountry "GER"]

1. e4 d5 2. exd5 Qxd5 3. Nc3 Qa5 4. d4 c6 5. Nf3 Nf6 6. Bc4 Bf5 7. Qe2 e6 8. Bd2 Qc7 9. 0-0-0 Bd6 10. Ne5 Bxe5 11. dxe5 Nd5 12. g4 Bg6 13. f4 h5 14. h3 Ne7 15. Bd3 Bxd3 16. Qxd3 Na6 17. Ne4 Rd8 18. Nd6+ Kf8 19. f5 exf5 20. Rhf1 Rd7 21. Qb3 Ng6 22. Rxf5 Nxe5 23. Bf4 Rxd6 24. Rxd6 Qxd6 25. Qxb7 Qd7 26. Qxa6 Ng6 27. Qa3+ Kg8 28. Qd3 Qxd3 29. cxd3 hxg4 30. hxg4 Rh4 31. Bb8 Rxg4 32. Ra5 Nf4 33. Bxf4 Rxf4 34. a4 Rd4 35. Rxa7 Rxd3 36. Rc7 Rd6 37. a5 g5 38. a6 Kg7 39. a7 Rd8 40. Rxc6 g4 41. Ra6 Ra8 42. Kd2 Kf8 43. b4 Ke7 44. b5 Kd8 45. Rd6+ Kc8 46. b6 Kb7 47. Rf6 g3 48. Ke2 g2 49. Kf2 Rg8 50. Kg1 Ka6 1/2-1/2

[Event "BL2-Ost 0607"]
[Site "Germany"]
[Date "2006.10.29"]
[Round "2.6"]
[White "Haag, Wolfgang"]
[Black "Schueller, Ernst"]
[Result "0-1"]
[WhiteElo "2260"]
[BlackElo "2250"]
[PlyCount "152"]
[EventDate "2006.10.15"]
[EventType "team-tourn"]
[EventRounds "9"]
[EventCountry "GER"]
[SourceTitle "EXT 2008"]
[Source "ChessBase"]
[SourceDate "2007.11.25"]
[SourceVersion "1"]
[SourceVersionDate "2007.11.25"]
[SourceQuality "1"]
[WhiteTeam "Bamberg"]
[BlackTeam "Passau"]
[WhiteTeamCountry "GER"]
[BlackTeamCountry "GER"]

1. d4 Nf6 2. c4 c5 3. Nf3 cxd4 4. Nxd4 g6 5. Nc3 Bg7 6. e4 0-0 7. Be2 Nc6 8. Be3 d6 9. 0-0 Nxd4 10. Bxd4 Bd7 11. f4 Bc6 12. Bf3 Nd7 13. Bxg7 Kxg7 14. Qd4+ f6 15. Nd5 Bxd5 16. exd5 Qb6 17. Qxb6 Nxb6 18. b3 a5 19. Rfe1 Kf7 20. a4 Nd7 21. Re3 Nc5 22. Rae1 Rfe8 23. Kf1 Ra6 24. Bd1 e5 25. dxe6+ Rxe6 26. Bf3 Rxe3 27. Rxe3 Rb6 28. Bd1 f5 29. Ke1 h5 30. Kd2 Ne4+ 31. Kd3 Kf6 32. Kd4 h4 33. Bc2 Nc5 34. Kd5 Na6 35. Bd1 Nc7+ 36. Kd4 Ne6+ 37. Kc3 Nxf4 38. g3 hxg3 39. hxg3 Ne6 40. Rd3 Nc5 41. Re3 Kf7 42. Kd4 Ne6+ 43. Kd5 Nc7+ 44. Kd4 g5 45. Bc2 Kf6 46. Re1 f4 47. gxf4 gxf4 48. Rh1 Na6 49. Ke4 Nc5+ 50. Kxf4 Rb4 51. Rh6+ Ke7 52. Rh7+ Kd8 53. Kf5 Kc8 54. Rh3 Kc7 55. Rc3 Rb6 56. Kf4 Ra6 57. Rh3 Ra8 58. Ke3 Re8+ 59. Kd2 Rg8 60. Kc3 Rg2 61. Re3 Rg7 62. Rh3 Kc6 63. Re3 Na6 64. Rh3 Re7 65. Kd4 Re6 66. Rh7 Nc5 67. Rh3 Re2 68. Kc3 Rf2 69. Re3 Rf4 70. Bd3 Kd7 71. Bc2 Ne6 72. Be4 Nc5 73. Bc2 Kc7 74. Rh3 Kc6 75. Re3 d5 76. cxd5+ Kxd5 0-1

[Event "BL2-Ost 0506"]
[Site "Germany"]
[Date "2005.11.13"]
[Round "2.6"]
[White "Schueller, Ernst"]
[Black "Heinz, Axel"]
[Result "0-1"]
[WhiteElo "2239"]
[BlackElo "2363"]
[PlyCount "120"]
[EventDate "2005.10.23"]
[EventType "team-tourn"]
[EventRounds "9"]
[EventCountry "GER"]
[SourceTitle "EXT 2007"]
[Source "ChessBase"]
[SourceDate "2006.11.23"]
[SourceVersion "1"]
[SourceVersionDate "2006.11.23"]
[SourceQuality "1"]
[WhiteTeam "Passau"]
[BlackTeam "Bindlach"]
[WhiteTeamCountry "GER"]
[BlackTeamCountry "GER"]

1. e4 c5 2. Nf3 e6 3. b3 d6 4. Bb2 Nf6 5. e5 dxe5 6. Nxe5 Nbd7 7. Bb5 Be7 8. Na3 0-0 9. Nac4 a6 10. Bxd7 Bxd7 11. Nxd7 Nxd7 12. 0-0 Bf6 13. a4 b5 14. axb5 axb5 15. Bxf6 Nxf6 16. Rxa8 Qxa8 17. Ne3 Qc6 18. Qa1 Rd8 19. d3 h6 20. Qe5 Ra8 21. Ra1 Rxa1+ 22. Qxa1 Nd5 23. Qa5 Kh7 24. h3 b4 25. Qa7 f5 26. Qb8 Nc3 27. Kh2 Ne2 28. Qe5 Nd4 29. h4 Qb6 30. Nc4 Qa7 31. f4 Qe7 32. Kh3 Nxc2 33. Nd6 Nd4 34. Qxc5 Nxb3 35. Qxb4 Nc1 36. Qd4 Qc7 37. Ne8 Qf7 38. Qe3 Qxe8 39. Qxc1 Qh5 40. g3 Qe2 41. Qc6 Qf1+ 42. Kh2 Qf2+ 43. Kh3 Qg1 44. Qf3 Kg8 45. Qc6 Kh7 46. Qf3 Kg6 47. Qc6 Qf1+ 48. Kh2 Qe2+ 49. Kh3 Kh5 50. d4 Qf1+ 51. Qg2 Qxg2+ 52. Kxg2 Kg4 53. Kf2 Kh3 54. h5 Kg4 55. Kg2 Kxh5 56. Kh3 g5 57. fxg5 hxg5 58. g4+ Kg6 59. Kg3 Kf6 60. Kf3 Ke7 0-1

[Event "Oberliga Bayern 0304"]
[Site "Bayern"]
[Date "2004.04.25"]
[Round "9.4"]
[White "Schueller, Ernst"]
[Black "Suran, Jan"]
[Result "1/2-1/2"]
[WhiteElo "2185"]
[BlackElo "2397"]
[PlyCount "93"]
[EventDate "2003.10.12"]
[EventType "team-tourn"]
[EventRounds "9"]
[EventCountry "GER"]
[SourceTitle "EXT 2006"]
[Source "ChessBase"]
[SourceDate "2005.11.24"]
[SourceVersion "1"]
[SourceVersionDate "2005.11.24"]
[SourceQuality "1"]
[WhiteTeam "Passau"]
[BlackTeam "Bamberg"]
[WhiteTeamCountry "GER"]
[BlackTeamCountry "GER"]

1. Nf3 c5 2. e4 Nc6 3. Bb5 Nf6 4. e5 Nd5 5. 0-0 g6 6. c3 Bg7 7. d4 cxd4 8. cxd4 0-0 9. Nc3 Nc7 10. a4 a6 11. Be2 d6 12. Bf4 Bg4 13. exd6 exd6 14. h3 Bxf3 15. Bxf3 Nxd4 16. Be3 Nxf3+ 17. Qxf3 d5 18. Bb6 d4 19. Rad1 Qd6 20. Qxb7 Ne6 21. a5 Qb4 22. Nd5 Qxb2 23. Qd7 Qe2 24. Rfe1 Qh5 25. Rd3 Qh4 26. Rf3 Qg5 27. Rb1 Qe5 28. h4 Kh8 29. Rd3 Rad8 30. Bxd8 Rxd8 31. Qxf7 Qxd5 32. Re1 Nf8 33. Qc7 Qd6 34. Qa7 Rd7 35. Qa8 Rd8 36. Qa7 h5 37. Rb1 Rc8 38. g3 Rc7 39. Qa8 Rc3 40. Rbd1 Qc6 41. Qd8 Qc7 42. Rxd4 Bxd4 43. Qxf8+ Kh7 44. Rxd4 Rc1+ 45. Kh2 Qb7 46. Re4 Qxe4 47. Qf7+ 1/2-1/2

[Event "Oberliga Bayern 0304"]
[Site "Bayern"]
[Date "2004.03.28"]
[Round "8.7"]
[White "Schueller, Ernst"]
[Black "Kirchner, Thomas"]
[Result "0-1"]
[WhiteElo "2185"]
[BlackElo "2205"]
[PlyCount "198"]
[EventDate "2003.10.12"]
[EventType "team-tourn"]
[EventRounds "9"]
[EventCountry "GER"]
[SourceTitle "EXT 2006"]
[Source "ChessBase"]
[SourceDate "2005.11.24"]
[SourceVersion "1"]
[SourceVersionDate "2005.11.24"]
[SourceQuality "1"]
[WhiteTeam "Passau"]
[BlackTeam "Nuernberg NT"]
[WhiteTeamCountry "GER"]
[BlackTeamCountry "GER"]

1. e4 e5 2. Nf3 Nc6 3. Bc4 Bc5 4. 0-0 Nf6 5. c3 Nxe4 6. Bd5 Nf6 7. Bxc6 dxc6 8. Nxe5 0-0 9. d4 Be7 10. Bg5 Be6 11. Nd2 h6 12. Bh4 Qd5 13. Re1 Rfe8 14. b4 a5 15. bxa5 Qxa5 16. c4 Ra7 17. Nb3 Qb4 18. Rb1 Rxa2 19. Nc5 Rb2 20. Rxb2 Qxb2 21. Nxe6 fxe6 22. Qd3 Ra8 23. Qh3 Ra1 24. Qxe6+ Kh7 25. Nf3 Rxe1+ 26. Qxe1 Bb4 27. Qf1 Ne4 28. Bg3 Bd6 29. Be5 Qc2 30. h3 b6 31. Qe1 Kg8 32. Qe3 b5 33. cxb5 cxb5 34. Bxd6 cxd6 35. Ne1 Qb1 36. Kh2 b4 37. Nd3 Nf6 38. d5 b3 39. Qd4 Qd1 40. Qc4 Qc2 41. Qb5 Kh7 42. f3 h5 43. h4 Kh6 44. Kh3 Kh7 45. Kh2 Ng8 46. Ne1 Qf2 47. Nd3 Qxh4+ 48. Kg1 Qd4+ 49. Kf1 Nf6 50. Qxb3 Nxd5 51. Qb1 g6 52. Qb7+ Kh6 53. Qb1 Ne3+ 54. Kg1 Ng4+ 55. Kf1 Ne3+ 56. Kg1 g5 57. Kh1 g4 58. fxg4 Nxg4 59. Ne1 Nf2+ 60. Kh2 Qf4+ 61. Kg1 Ng4 62. Nf3 h4 63. Qe1 h3 64. Qe6+ Kg7 65. Qe7+ Kg6 66. Qe6+ Nf6 67. Qxh3 Ng4 68. Qh4 Qe3+ 69. Kh1 Qc1+ 70. Ne1 Qd1 71. Qg3 d5 72. Kg1 d4 73. Kf1 Kg5 74. Qd3 Nh2+ 75. Kf2 Ng4+ 76. Kf1 Ne3+ 77. Kf2 Ng4+ 78. Kf1 Qxd3+ 79. Nxd3 Kf5 80. Ke2 Ke4 81. g3 Ne5 82. Nf2+ Kf5 83. Kd2 Kg5 84. Kc2 Kf5 85. Kd1 Ng4 86. Nd3 Kg5 87. Kc2 Kf5 88. Kb3 Ke4 89. Kc4 Ne3+ 90. Kc5 Kxd3 91. Kd6 Ke4 92. Ke6 d3 93. Kf6 d2 94. Kg6 d1Q 95. Kf7 Qh5+ 96. Ke7 Qg6 97. Kd7 Nd5 98. Kd8 Qg7 99. Kc8 Qc7# 0-1

[Event "Oberliga Bayern 0304"]
[Site "Bayern"]
[Date "2004.01.18"]
[Round "5.7"]
[White "Schueller, Ernst"]
[Black "Schulz, Michael2222"]
[Result "0-1"]
[WhiteElo "2185"]
[BlackElo "2088"]
[PlyCount "94"]
[EventDate "2003.10.12"]
[EventType "team-tourn"]
[EventRounds "9"]
[EventCountry "GER"]
[SourceTitle "EXT 2006"]
[Source "ChessBase"]
[SourceDate "2005.11.24"]
[SourceVersion "1"]
[SourceVersionDate "2005.11.24"]
[SourceQuality "1"]
[WhiteTeam "Passau"]
[BlackTeam "Muenchen Tarrasch"]
[WhiteTeamCountry "GER"]
[BlackTeamCountry "GER"]

1. d4 Nf6 2. Nf3 d6 3. c4 g6 4. Nc3 Bg7 5. e4 0-0 6. Be2 c6 7. 0-0 Bg4 8. Be3 a6 9. Qc2 b5 10. cxb5 axb5 11. h3 Bxf3 12. Bxf3 e5 13. dxe5 dxe5 14. Bc5 Re8 15. Rfd1 Qc8 16. b4 Nbd7 17. Be3 Nf8 18. a4 bxa4 19. Nxa4 Qb7 20. Qc4 Ne6 21. Nc5 Nxc5 22. Rxa8 Rxa8 23. Bxc5 h5 24. Rd6 Kh7 25. Be3 Rc8 26. Bd1 Ne8 27. Rd2 Bf8 28. Bc5 Kg8 29. Bb3 Nf6 30. f3 Bxc5+ 31. Qxc5 Rb8 32. Qc4 Kg7 33. Rd6 Qe7 34. Qc5 Rb5 35. Qxc6 Rxb4 36. Bd5 h4 37. Kh2 Rb2 38. Qc5 Re2 39. Bb3 Rd2 40. Bd5 Rb2 41. Bc4 Rc2 42. Rc6 Qxc5 43. Rxc5 Nh5 44. Rc7 Kh6 45. Kg1 Nf4 46. Kh1 Rc1+ 47. Kh2 Nh5 0-1

[Event "Oberliga Bayern 0203"]
[Site "Bayern"]
[Date "2002.12.15"]
[Round "3.5"]
[White "Heimrath, Wolfgang"]
[Black "Schueller, Ernst"]
[Result "0-1"]
[WhiteElo "2130"]
[BlackElo "2147"]
[PlyCount "82"]
[EventDate "2002.10.20"]
[EventType "team"]
[EventRounds "9"]
[EventCountry "GER"]
[SourceTitle "EXT 2004"]
[Source "ChessBase"]
[SourceDate "2003.11.25"]
[SourceVersion "1"]
[SourceVersionDate "2003.11.25"]
[SourceQuality "1"]
[WhiteTeam "Zirndorf"]
[BlackTeam "Passau"]
[WhiteTeamCountry "GER"]
[BlackTeamCountry "GER"]

1. e4 d5 2. exd5 Qxd5 3. Nc3 Qa5 4. Nf3 Nf6 5. Bc4 c6 6. h3 Bf5 7. 0-0 e6 8. Re1 Nbd7 9. d3 Bd6 10. Nd4 0-0-0 11. Bd2 Qc7 12. Nxf5 exf5 13. Bxf7 f4 14. d4 h5 15. Rb1 g5 16. f3 Kb8 17. Be6 g4 18. Kh1 Nf8 19. Bf5 Qa5 20. d5 Qc5 21. Qe2 N8d7 22. b4 Qb6 23. dxc6 Qxc6 24. b5 Qc5 25. Ne4 Nxe4 26. Bxe4 Qg5 27. Bc3 Rhe8 28. Bd4 gxh3 29. gxh3 Qh4 30. Qh2 Bc5 31. c3 Bxd4 32. cxd4 Nf6 33. Rbd1 Rxd4 34. Rxd4 Qxe1+ 35. Qg1 Qh4 36. Qh2 Rg8 37. Rd1 Nxe4 38. fxe4 Rg3 39. Qd2 Rxh3+ 40. Kg1 Rg3+ 41. Kf1 Qh1+ 0-1

[Event "Oberliga Bayern 0102"]
[Site "Bayern"]
[Date "2001.11.25"]
[Round "3.3"]
[White "Schueller, Ernst"]
[Black "Dey, Jan Marten"]
[Result "0-1"]
[WhiteElo "2175"]
[BlackElo "2255"]
[PlyCount "94"]
[EventDate "2001.10.07"]
[EventType "team"]
[EventRounds "9"]
[EventCountry "GER"]
[SourceTitle "EXT 2003"]
[Source "ChessBase"]
[SourceDate "2002.11.25"]
[SourceVersion "1"]
[SourceVersionDate "2002.11.25"]
[SourceQuality "1"]
[WhiteTeam "Passau"]
[BlackTeam "Zirndorf"]
[WhiteTeamCountry "GER"]
[BlackTeamCountry "GER"]

1. e4 Nf6 2. e5 Nd5 3. d4 d6 4. f4 dxe5 5. fxe5 c5 6. c4 Nb4 7. d5 Bf5 8. Na3 e6 9. Nf3 exd5 10. cxd5 Qxd5 11. Qxd5 Nxd5 12. Bc4 Nb6 13. Nb5 Nxc4 14. Nc7+ Kd7 15. Nxa8 Na6 16. b3 Na5 17. e6+ Bxe6 18. Bf4 Be7 19. 0-0-0+ Kc8 20. Rhe1 Nc6 21. h3 b6 22. Bg5 h6 23. Bxe7 Nxe7 24. Ne5 Nd5 25. Rd2 Kb7 26. Nxb6 axb6 27. Kb2 Nab4 28. a3 Nc6 29. Nf3 Nc7 30. Re4 Na5 31. Re3 c4 32. b4 c3+ 33. Rxc3 Nc4+ 34. Rxc4 Bxc4 35. a4 Re8 36. Kc3 Bd5 37. Nh4 Re3+ 38. Rd3 Rxd3+ 39. Kxd3 g6 40. Kd4 Kc6 41. Ke5 h5 42. g4 hxg4 43. hxg4 Kd7 44. g5 Ke7 45. b5 Bb7 46. a5 bxa5 47. b6 Na8 0-1

[Event "Oberliga Bayern 9900"]
[Site "Bayern"]
[Date "2000.02.20"]
[Round "6.4"]
[White "Schueller, Ernst"]
[Black "Mueller, Marcus"]
[Result "1/2-1/2"]
[WhiteElo "2240"]
[BlackElo "2154"]
[PlyCount "161"]
[EventDate "1999.10.10"]
[EventType "team-tourn"]
[EventRounds "9"]
[EventCountry "GER"]
[SourceTitle "EXT 2020"]
[Source "ChessBase"]
[SourceDate "2019.10.17"]
[SourceVersion "1"]
[SourceVersionDate "2019.10.17"]
[SourceQuality "1"]
[WhiteTeam "Passau II"]
[BlackTeam "Muenchen 36"]
[WhiteTeamCountry "GER"]
[BlackTeamCountry "GER"]

1. Nf3 d5 2. c4 c6 3. b3 Nf6 4. Bb2 Bf5 5. g3 e6 6. Bg2 Nbd7 7. 0-0 Be7 8. d3 0-0 9. Qc1 h6 10. Nbd2 Bh7 11. Re1 Qb6 12. Ba3 Bxa3 13. Qxa3 a5 14. Rac1 Qb4 15. Nb1 Rfc8 16. cxd5 cxd5 17. Rxc8+ Rxc8 18. Rc1 Rc6 19. Rxc6 bxc6 20. Qxb4 axb4 21. a4 bxa3 22. Nxa3 Kf8 23. b4 Ke7 24. Nd4 Kd6 25. f4 Ne8 26. Kf2 Nc7 27. e4 e5 28. Nb3 f6 29. Bh3 Bg8 30. Bxd7 Kxd7 31. Nc5+ Ke7 32. h4 exf4 33. gxf4 Ne6 34. Nxe6 Bxe6 35. Ke3 g5 36. hxg5 hxg5 37. fxg5 fxg5 38. e5 Bg4 39. d4 Bd1 40. b5 cxb5 41. Nxb5 Kf7 42. Kf2 Ba4 43. Nc7 Bb3 44. Kg3 Kg6 45. Ne8 Ba4 46. Nd6 Bd7 47. Nb7 Kf5 48. Nc5 Bb5 49. Kf3 Be8 50. Ke3 Bb5 51. Nb7 Ba4 52. Nd6+ Kg6 53. Nc8 Kf5 54. Nb6 Bb3 55. Nd7 Ba4 56. Nc5 Bb5 57. Kf3 Be8 58. Na6 Bb5 59. Nb4 Bc4 60. Nc2 Bb3 61. Ne3+ Kg6 62. Kg4 Ba2 63. Nf5 Bb3 64. Ne7+ Kf7 65. Nc6 Kg6 66. Ne7+ Kf7 67. Nc8 Kg6 68. Kf3 Bd1+ 69. Ke3 Kf5 70. Ne7+ Ke6 71. Ng8 Ba4 72. Nf6 Bb3 73. Kd2 Bc4 74. Kc3 Be2 75. Kb4 Bc4 76. Kc5 Ba2 77. Nh5 g4 78. Nf4+ Kd7 79. Nh5 Ke6 80. Nf6 Kf5 81. Nh5 1/2-1/2

[Event "AUT-chT2M 9899"]
[Site "Austria"]
[Date "1999.02.27"]
[Round "8"]
[White "Schueller, Ernst"]
[Black "Kreindl, Helmut"]
[Result "1-0"]
[WhiteElo "2255"]
[BlackElo "2270"]
[PlyCount "71"]
[EventDate "1998.11.??"]
[EventType "team-swiss"]
[EventRounds "11"]
[EventCountry "AUT"]
[SourceTitle "EXT 2000"]
[Source "ChessBase"]
[SourceDate "1999.11.16"]
[SourceVersion "1"]
[SourceVersionDate "1999.11.16"]
[SourceQuality "1"]

1. Nf3 Nf6 2. d4 e6 3. Bg5 d5 4. Nbd2 Be7 5. Bxf6 Bxf6 6. c3 0-0 7. e4 b6 8. Qc2 c5 9. e5 Be7 10. Bd3 g6 11. 0-0 Ba6 12. a4 Bxd3 13. Qxd3 Nc6 14. Rfe1 c4 15. Qc2 a6 16. b4 cxb3 17. Nxb3 Qc7 18. h4 Rfc8 19. Qd2 Na7 20. Re3 b5 21. Ng5 bxa4 22. Rxa4 Qc6 23. Qa2 Nb5 24. Nc5 Bxc5 25. dxc5 Qxc5 26. Rxa6 Rxa6 27. Qxa6 Qc6 28. Qa4 Nxc3 29. Qf4 Qb7 30. Kh2 Rc4 31. Qf6 Qc7 32. Nxe6 fxe6 33. Rf3 Qc8 34. Qf7+ Kh8 35. Qe7 h6 36. Rf7 1-0